000 01686 a2200241 4500
001 47099
005 20260407155739.0
008 260407a1989 arg spa d
003 AR-UNSa-BCEJYS
040 _aAR-UNSa-BCEJYS
_bspa
_cAR-UNSa-BCEJYS
080 _a336.02
_xPolítica financiera. Política fiscal
245 1 0 _aDeficit fiscal, deuda externa y desequilibrio financiero
264 1 _aBuenos Aires :
_bTesis
_c1989
300 _a175 p.
_c20 cm.
505 _aParte I: Restricción externa e incentivos al crecimiento en América Latina / Roberto - Frenkel - Guillermo Rozenwurcel: 1. Introducción - 2. Ajuste externo y crecimiento: el lado real - 3. Ajuste y conflicto distributivo - 4. El problema de la transferencia interna y la brecha fiscal-financiera - 5. Conclusiones -- Parte II: Acerca de la generación de recursos financieros en la Argentina / José María J. Fanelli: 1. El período de ajuste ante la crisis de la deuda - 2. La generación de recursos financieros en la economía argentina - 3. Reflexiones finales -- Parte III: Decisiones de cartera y transferencias de riqueza en un período de inestabilidad macroeconómica / Mario Damill - José M. Fanelli: 1. Precios relativos, ahorro real e incremento de la riqueza financiera - 2. Evolución de la estructura financiera de las empresas privadas en el período de ajuste - 3. Reflexiones finales.
942 _cBK
590 _aniveau_biblio:m niveau_hierar:0
100 1 _aFanelli, José María
700 1 _aDamill, Mario
700 1 _aFrenkel, Roberto
700 1 _aRozenwurcel, Guillermo
856 4 1 _uhttps://www.biblioeco.unsa.edu.ar/pmb/images/libros/L127390.jpg
_yImagen de portada
_qimage/jpeg
999 _c4287
_d4287